Nevermind Tracklist - Statistics

General Stats
  • This quiz has been taken 24 times
  • The average score is 11 of 12
Answer Stats
# Answer Streams Artist(s) % Correct
3 Come As You Are 2,002,863,408 Nirvana
100%
5 Lithium 831,601,454 Nirvana
100%
6 Polly 160,630,824 Nirvana
100%
1 Smells Like Teen Spirit 2,851,304,240 Nirvana
100%
12 Something In The Way 629,808,184 Nirvana
92%
7 Territorial Pissings 116,475,981 Nirvana
92%
4 Breed 244,079,744 Nirvana
85%
2 In Bloom 486,506,021 Nirvana
85%
8 Drain You 241,764,272 Nirvana
77%
11 On A Plain 87,032,742 Nirvana
77%
10 Stay Away 105,111,838 Nirvana
77%
9 Lounge Act 126,366,012 Nirvana
69%
No matching quizzes found
Score Distribution
Percent of People with Each Score
Percentile by Number Answered
Your Score History
You have not taken this quiz